| 000 | 00752nam a2200241 a 4500 | ||
|---|---|---|---|
| 001 | 6726 | ||
| 003 | CO-ViMGA | ||
| 008 | 141112s2004 ck r 000 u spa d | ||
| 040 |
_aCO-ViMGA _bspa _cCO-ViMGA |
||
| 082 | 0 | 4 | _aCh 861.5 G117 |
| 245 | 1 | 0 |
_aGabriela Mistral, Juana de Ibarbourou, Alfonsina Storni : _bselección |
| 260 |
_aSantafé de Bogotá : _bPanAméricana, _c1997 |
||
| 300 | _a50 p : il | ||
| 490 | _aCuadernillos de poesía | ||
| 590 | _aEjemplares : 2 | ||
| 650 | 1 | 4 |
_aIbarbourou, Juan de 1895 - 1980 _95642 |
| 650 | 1 | 4 |
_aMistral, Gabriela 1889 - 1957 _93431 |
| 650 | 1 | 4 | _aPOESIA ARGENTINA |
| 650 | 1 | 4 |
_aPOESIA CHILENA _95643 |
| 650 | 1 | 4 |
_aPOESIA URUGUAYA _96574 |
| 650 | 1 | 4 |
_aStorni, Alfonsina 1892 - 1937 _95644 |
| 942 |
_2ddc _cBK |
||
| 999 |
_c18695 _d18695 |
||